NAKRé - Laylow - Statistiques

Statistiques générales
  • Ce quiz a été pris 36 fois
  • Le résultat moyen est 295 sur 405
Statistiques - réponses
Hint Paroles % Correct
J'ai
96%
j'ai
96%
je
96%
j'e
96%
qui
96%
Qui
96%
tes
96%
"t'es
96%
a
91%
à
91%
de
91%
des
91%
Et
91%
la
91%
91%
là,
91%
Le
91%
le
91%
me
91%
pas
91%
pas,
91%
quand
91%
sont
91%
suis
91%
un
91%
Un
91%
Refrain Y
91%
y
91%
yeux
91%
ce
87%
choses
87%
compte,
87%
compte
87%
en
87%
En
87%
fin
87%
J'suis
87%
j'suis
87%
mais
87%
Mais
87%
mal
87%
même
87%
mer
87%
moi,
87%
moi
87%
nacrés
87%
ou
87%
87%
prend
87%
sur,
87%
Sur
87%
sur
87%
arrière
83%
au
83%
c'est
83%
C'est
83%
Dis
83%
dis
83%
disent
83%
gens,
83%
J'aimerais
83%
laylow,
83%
"Laylow,
83%
Laylow,
83%
m'aiment
83%
navré
83%
navré,
83%
qu'ils
83%
revenir
83%
sacrées
83%
si
83%
Si
83%
sincère
83%
sourire,
83%
Trop
83%
trop
83%
une
83%
vie
83%
vie,
83%
autre,
78%
autre
78%
Dans
78%
dans
78%
existence?
78%
les
78%
Les
78%
merde
78%
par
78%
va
78%
autour,
74%
ça
74%
cette
74%
d'moi?
74%
donne,
74%
j'leur
74%
j'vois,
74%
mes
74%
Mes
74%
problèmes
74%
quoi
74%
quoi,
74%
boucle
70%
cesse
70%
d'mon
70%
d'vant
70%
frais,
70%
mon
70%
parler
70%
porte
70%
Sans
70%
sert?
70%
tournent
70%
bord
65%
chaud
65%
comme
65%
du
65%
l'atmosphère
65%
net"
65%
non
65%
oui
65%
pour
65%
Pourquoi
65%
qu'est
65%
ramènent
65%
sera
65%
seul,
65%
temps?
65%
temps
65%
tout
65%
après
61%
aux
61%
avant,
61%
crois
61%
depuis
61%
dit
61%
d'l'ambition
61%
faire,
61%
faire
61%
fait
61%
fermée
61%
fois
61%
gosse?
61%
J'me
61%
j'me
61%
jour,
61%
j't'ai
61%
lâches
61%
l'enfer,
61%
l'poids
61%
mecs
61%
parfait
61%
Quel
61%
route
61%
tous
61%
toutes
61%
vois
61%
250
57%
Fais
57%
Jamais
57%
j'veux
57%
j'y
57%
n'importe
57%
qu'j'étais
57%
toujours
57%
villa
57%
vrai,
57%
bats,
52%
c'qui
52%
erreurs
52%
j'm'arrête,
52%
s'passe?
52%
tieks
52%
tu
52%
Tu
52%
vices,
52%
Aprilia
48%
avec
48%
c'était
48%
délivre,
48%
honneur
48%
j'sais
48%
J'te
48%
juste,
48%
loin,
48%
mourir
48%
noie
48%
seulement
48%
t'as
48%
triste,
48%
Triste
48%
début
43%
d'étudier,
43%
est
43%
Fuck,
43%
genre
43%
life
43%
m'connais
43%
ouais,
43%
pêché,
43%
pénible
43%
plus
43%
qu'ça
43%
qu'tu
43%
sais
43%
s'voit
43%
t'ai
43%
tant
43%
Bah
39%
connais
39%
décupler
39%
déjà
39%
euros
39%
feuille
39%
J'raconte,
39%
On
39%
repousser
39%
signé
39%
sommes,
39%
Bébé
35%
d'son
35%
morts
35%
qu'j'ai
35%
trébuché
35%
tunnel,
35%
clauses,
30%
d'limites
30%
d'lumière,
30%
enfin
30%
grimpé,
30%
l'oeil
30%
longtemps,
30%
Maman,
30%
Vision
30%
diezs
26%
faussée
26%
j'jacte
26%
dates
22%
Demain,
22%
obscur
22%
t'fies
22%
tombes
22%
Trinity
17%
Impossible
13%
Epilogue Reconnexion
13%
Aucun quiz correspondant
Distribution des résultats
% des personnes avec chaque résultat
Percentile par nombre de réponses
Votre historique - résultats
Vous n’avez pas pris ce quiz